000 00308nam a22001337a 4500
008 180227b xxu||||| |||| 00| 0 eng d
020 _a9780131861350
041 _aeng
080 _a338
100 _a54
101 _aMEN
245 _aMaking the team a guide for managers
_cThompson,L.L
942 _2udc
_cBK
999 _c43658
_d43658